000 00587nam a2200241 a 4500
001 nice12345678
003 IN_TiNIC
005 20260116012718.0
008 050524s1987 alia grp 000 0 urd
020 _a
_c25
082 0 0 _a297.4
_bFAR2
100 _aFarahi, Ubaidullah
245 _aTasawwuf Ek Tajziyati Mutalaa
260 _aAligarh
_bIdara Tahqeeq-O-Tasneef-E-Islami
_c1987
300 _a186p
500 _aincludes index and biblioraphy
505 2 _aIndex
650 _aSufism
700 1 _aFarahi, Ubaidullah
902 _bSRS
942 _cBK
999 _c8056
_d8056